Statistics for US States With Highest Percentage Of Arab-Americans

Click here to take the quiz!

General Stats

  • This quiz has been taken 25 times
  • The average score is 8 of 10

Answer Stats

RankStatePercent% Correct
8California0.616%
100%
3New Jersey0.962%
96%
4New York0.830%
96%
1Michigan1.555%
87%
2Massachusetts1.033%
87%
10Ohio0.564%
87%
7Illinois0.685%
83%
9Florida0.610%
83%
5Virginia0.742%
70%
6Rhode Island0.719%
57%

Score Distribution

Percentile by Number Answered

Percent of People with Each Score

Your Score History

You have not taken this quiz